00866nam a2200157 i 4500001000700000003000900007005001700016008004100033245029200074260004700366300003700413530003500450650002700485852008600512856011000598157749ES-MaACL20230906210833.0050912s1614 sp |||| | spa d00aSumario del Concilio Provincial, que se celebró en la ciudad de los Reyes, el año de mil y quinientos y sesenta y siete / cfecho y sacado por orden y con auctoridad del ultimo concilio Provincial, que se celebró en la dicha Ciudad, este año de mil y quinientos y ochenta y tres. aEn Seuilla : bpor Matias Clauijo, c1614. a[6], [2] en bl., 231 p. ; c4º. aDisponible en formato digital. 4aConcilios y sínodos. aES-MaACLjR-1452 z- Enc. piel marrón con hierros dorados x- Olim: G-14586 uhttps://bvpb.mcu.es/es/consulta/registro.do?id=577704 zBiblioteca Virtual del Patrimonio Bibliográfico